Quiz Supernatural : Sam Winchester - Statistiques

Statistiques générales
  • Ce quiz a été pris 63 fois
  • Le résultat moyen est 20 sur 30
Statistiques - réponses
Question Réponse % Correct
Dans l'équipe, quels sont les points forts de Sam ? Il est doué pour les recherches, il a de l'instinct
98%
De quoi Sam a-t-il peur ? Des clowns et des poupées
94%
Dans l'épisode où l'embrouilleur (alias Gabriel), fait mourir Dean indéfiniment, comment Sam comprend-il que c'est l'oeuvre de l'embrouilleur ? Car il ne prend pas le même sirop
84%
Quelle leçon l'embrouilleur espère-t-il lui faire comprendre ? Que Dean est son point faible et qu'il ne pourra pas le sauver
84%
Quelle phrase lui ont dit tour à tour John et Dean ? Si tu passes cette porte ce n'est pas la peine de revenir
82%
Que développe le sang de démon chez lui ? Ses pouvoirs psychiques
80%
Dans l'épisode 'Baraka' qu'est-ce qui arrive à Sam lorsqu'il essaie de décoller le chewing-gum collé sous sa chaussure ? Il perd sa chaussure dans l'égout
78%
Qui retourne-t-il remercier dans un de ses anciens collèges ? Son professeur
78%
Que lui prennent les dieux païens de Noël ? Du sang et un ongle
76%
Dans la saison 3, Sam dévoile quelque chose à Dean... Qu'il prie chaque soir
76%
Quelle a été la réaction de John quand Sam (enfant) lui a dit qu'il avait peur du noir ? Il lui donne un 45
75%
Quelles blagues fait-il à Dean dans l'épisode de la maison hantée ? Il monte le son de la voiture à fond et met de la glue sur la bière de Dean
75%
Selon lui, pourquoi Sam et Dean n'arrivent-ils pas à vraiment se réconcilier dans la saison 5 ? Car Dean ne le laisse pas grandir
73%
Que lui apprend Dean, après que Sam lui ait demandé de redevenir son grand-frère ? (saison 3) A réparer l'Impala
71%
Contre quoi le sang d'Azazel l'immunise-t-il ? Le virus Croatoan et les pouvoirs de Lilith
69%
Comment le dernier candidat des 'enfants d'Azazel' tue-t-il Sam, avant que Dean ne le ressuscite grâce au pacte ? Il lui sectionne la moelle épinière
67%
Que fait-il pour Dean, lors de son dernier Noël avant l'enfer ? Il accepte de fêter le réveillon et lui en fait la surprise
65%
Comment apprend-il la vérité sur les monstres et la chasse ? Il trouve le journal de son père
65%
A part 'Sammy' quel autre surnom Dean lui donne-t-il ? Banane
63%
Par quelles créatures Sam est-il déçu, comparé à l'image qu'il s'en faisait ? Les anges
63%
Dans l'épisode de l'hôtel hanté, comment réagit Sam qui vient d'apprendre ce que son père a confié à Dean avant de mourrir ? Il boit
59%
Lorsque Sam est possédé et qu'il tue un chasseur dans la saison 2, quel démon est entré en lui ? Meg
59%
Pourquoi Bloody Mary s'attaque-t-elle à lui ? Car elle pense que la mort de Jessica est due aux visions de Sam gardées secrètes
57%
Sous quelle apparence lui apparaît Lucifer après qu'il soit parti de son côté dans la saison 5 ? Jessica
57%
A propos de qui Sam fait-il un rêve érotique ? Bella
55%
Comment Sam arrive-t-il à reprendre le contrôle de lui-même, contre Lucifer, à la fin de la saison 5 ? Il se souvient de l'amour familial et des souvenirs, en voyant l'Impala
55%
En quelle voiture connue l'embrouilleur le transforme-t-il ? Kitt de K 2000
49%
En règle générale, quel est le principal moteur de chasse de Sam ? La vengeance
43%
Que dit Sam à Dean lorsqu'il est sous l'influence de la sirène ? Que Dean est un boulet pour lui et qu'il est plus fort que lui
35%
Pendant quelle chasse Sam se blesse-t-il au poignet, l'obligeant à porter un plâtre ? En chassant une fille devenue zombie
29%
Aucun quiz correspondant
Distribution des résultats
% des personnes avec chaque résultat
Percentile par nombre de réponses
Votre historique - résultats
Vous n’avez pas pris ce quiz